|
|
|
|
| LEADER |
00000cam a2200000 4500 |
| 001 |
vtls011750698 |
| 003 |
SK-MaSNL |
| 005 |
20260302090940.0 |
| 008 |
200228s2018 xo ac gr 000 jdslo |
| 015 |
|
|
|a SNBA2018/06
|
| 020 |
|
|
|a 9788055161204
|q (viazané)
|
| 035 |
|
|
|a urn:nbn:sk:snk-am00datt
|
| 035 |
|
|
|a urn:nbn:sk:snk-am3hvux
|
| 035 |
|
|
|a 8728C363-A484-44E2-AA34-236FBC9C0536
|
| 040 |
|
|
|a SNK
|b slo
|c SNK
|e rda
|
| 041 |
0 |
|
|a slo
|
| 044 |
|
|
|a xo
|c SK
|
| 072 |
|
7 |
|a 821.162.4-3
|x Slovenská próza
|2 konspekt
|
| 080 |
|
|
|a 821.162.4-31
|2 2011
|
| 080 |
|
|
|a (0:82-322.6)
|2 2011
|
| 100 |
1 |
|
|a Feldeková, Oľga,
|d 1943-2025
|4 aut
|9 102455
|
| 245 |
1 |
0 |
|a Minútové romány
|c Oľga Feldeková ; foto Ivona Orešková ; ilustrácie Juraj Šramko
|
| 250 |
|
|
|a Prvé vydanie
|
| 264 |
|
1 |
|a Bratislava
|b Ikar
|c 2018
|
| 300 |
|
|
|a 202 strán
|b ilustrácie, portréty
|c 21 cm
|
| 336 |
|
|
|a text
|b txt
|2 rdacontent
|
| 337 |
|
|
|a bez média
|b n
|2 rdamedia
|
| 338 |
|
|
|a zväzok
|b nc
|2 rdacarrier
|
| 500 |
|
|
|a Obsahuje biorgafické údaje o autorke na prebale
|
| 655 |
|
7 |
|a slovenské poviedky
|2 SNKPH
|9 70226
|
| 655 |
|
7 |
|a Slovak tales
|2 SNKPHeng
|9 277330
|
| 655 |
|
7 |
|a biografické príbehy
|2 SNKPH
|9 70709
|
| 655 |
|
7 |
|a Biographical stories
|2 SNKPHeng
|9 286436
|
| 700 |
1 |
|
|a Orešková, Ivona,
|d 1969-
|4 pht
|
| 700 |
1 |
|
|a Šramko, Juraj
|4 ill
|9 170486
|
| 852 |
|
|
|a Štátna vedecká knižnica v Banskej Bystrici
|
| 919 |
|
|
|a 978-80-551-6120-4
|
| 958 |
|
|
|a LX
|
| 958 |
|
|
|a BX
|
| 999 |
|
|
|c 1198694
|d 1200624
|
| 952 |
|
|
|a SNK
|b SNK
|y PREZ
|7 0
|p 17A1324492
|o snkSC 179561
|i snk2018/11191
|8 0
|0 0
|1 0
|4 0
|d 2018-05-22
|f 1
|l 0
|r 2026-02-24 22:34:25
|w 2026-02-24
|
| 952 |
|
|
|a SNK
|b SNK
|y VYP
|7 0
|p 17A1324493
|o snkSC 179561 D1
|i snk2018/11192
|8 0
|0 0
|1 0
|4 0
|d 2018-05-22
|l 0
|r 2026-02-24 22:34:26
|w 2026-02-24
|